Guess the Lyrics #57 - Statistics

General Stats
  • This quiz has been taken 1,152 times
    724 since last reset
  • The average score is 113 of 315
Answer Stats
Lyrics % Correct
I
99%
a
96%
the
92%
The
92%
you
92%
You
92%
(You
92%
love
79%
me
79%
And
78%
and
78%
we
77%
to
76%
when
76%
who
75%
in
73%
your
73%
is
72%
be
71%
do
71%
it
71%
go
69%
my
68%
she
63%
are
62%
Then
61%
then
61%
that
60%
of
59%
For
58%
for
58%
If
56%
like
52%
one
50%
were
49%
its
48%
it's
48%
only
48%
all
47%
don't
47%
can't
46%
life
44%
but
43%
But
43%
at
39%
down
37%
down)
37%
Just
37%
know
37%
our
37%
said
36%
should
35%
never
32%
Look
27%
dream,
25%
off
23%
back
19%
eyes
19%
Hey
15%
(Hey
15%
hey
15%
home
15%
old
15%
fall
14%
made
14%
call
12%
days
12%
please
12%
top
12%
moon,
11%
moon)
11%
believe
10%
sea
10%
lonely
9%
lonely)
9%
Through
9%
comes
8%
forget
8%
lips
7%
ones
7%
broken
6%
morning
6%
morning)
6%
easy
5%
running
5%
words
5%
along
4%
feet
4%
glass
4%
jewelry
4%
knee
4%
lungs
4%
lungs)
4%
toward
4%
world's
4%
bone
3%
both
3%
chasing
3%
diamonds
3%
downpour
3%
east
3%
fantastic
3%
feed
3%
Genius
3%
Northern
3%
skin
3%
Sugarcane
3%
(Sugarcane
3%
upon
3%
wished
3%
appear
2%
Capricorn
2%
clicked
2%
(Drawn
2%
Drawn
2%
fabled
2%
flooded
2%
foreign
2%
fragile
2%
greed
2%
headaches,
2%
heels
2%
ink
2%
melt
2%
missed
2%
moths
2%
Northern Downpour - Panic at the Disco
2%
page,
2%
playful
2%
posing
2%
scarves
2%
sends
2%
storms
2%
tongues
2%
Tripping
2%
Unraveled
2%
Weathervanes
2%
(Weathervanes
2%
winding
2%
yarn,
2%
yawn)
2%
yawn
2%
No matching quizzes found
Score Distribution
Percent of People with Each Score
Percentile by Number Answered
Your Score History
You have not taken this quiz since the last reset